000 00304nam a22001217a 4500
008 190316b xxu||||| |||| 00| 0 eng d
041 _aeng
080 _a043.3
100 _a0
101 _aSHKI-BA
245 _aNdikimi i Inteligjences Artificiale ne Sistemet e Prodhimit
_cCanziba, D
942 _2udc
_cBK
999 _c54866
_d54866